ALL Drag Race Thailand Queens - Statistics

General Stats
  • This quiz has been taken 128 times
    60 since last reset
  • The average score is 26 of 35
Answer Stats
Season Placement Drag Queen % Correct
πŸ‡ΉπŸ‡­ Drag Race Thailand πŸ‡ΉπŸ‡­-Season 3- πŸ† WINNER πŸ† Frankie Wonga
94%
πŸ‡ΉπŸ‡­ Drag Race Thailand πŸ‡ΉπŸ‡­-Season 2- 4th/5th Bandit
88%
πŸ‡ΉπŸ‡­ Drag Race Thailand πŸ‡ΉπŸ‡­-Season 2- πŸ₯ˆ Runner-Up πŸ₯ˆ Kandy Zyanide
88%
πŸ‡ΉπŸ‡­ Drag Race Thailand πŸ‡ΉπŸ‡­-Season 2- πŸ† WINNER πŸ† Angele Anang
81%
πŸ‡ΉπŸ‡­ Drag Race Thailand πŸ‡ΉπŸ‡­-Season 1- πŸ₯ˆ Runner-Up πŸ₯ˆ Dearis Doll
81%
πŸ‡ΉπŸ‡­ Drag Race Thailand πŸ‡ΉπŸ‡­-Season 1- 5th/6th JAJA
81%
πŸ‡ΉπŸ‡­ Drag Race Thailand πŸ‡ΉπŸ‡­-Season 2- πŸ₯ˆ Runner-Up πŸ₯ˆ Kana Warrior
81%
πŸ‡ΉπŸ‡­ Drag Race Thailand πŸ‡ΉπŸ‡­-Season 1- πŸ† WINNER πŸ† Natalia Pliacam
81%
πŸ‡ΉπŸ‡­ Drag Race Thailand πŸ‡ΉπŸ‡­-Season 3- 9th Shortgun
81%
πŸ‡ΉπŸ‡­ Drag Race Thailand πŸ‡ΉπŸ‡­-Season 3- πŸ₯ˆ Runner-Up πŸ₯ˆ Zepee
81%
πŸ‡ΉπŸ‡­ Drag Race Thailand πŸ‡ΉπŸ‡­-Season 1- 5th/6th Amadiva
75%
πŸ‡ΉπŸ‡­ Drag Race Thailand πŸ‡ΉπŸ‡­-Season 1- πŸ₯ˆ Runner-Up πŸ₯ˆ AnnΓ©e Maywong
75%
πŸ‡ΉπŸ‡­ Drag Race Thailand πŸ‡ΉπŸ‡­-Season 1- 4thπŸ’ Miss Congeniality πŸ’ B Ella
75%
πŸ‡ΉπŸ‡­ Drag Race Thailand πŸ‡ΉπŸ‡­-Season 1- 9th Bunny Be Fly
75%
πŸ‡ΉπŸ‡­ Drag Race Thailand πŸ‡ΉπŸ‡­-Season 3- 3rd/4th Gawdland
75%
πŸ‡ΉπŸ‡­ Drag Race Thailand πŸ‡ΉπŸ‡­-Season 3- 6th Gigi Ferocious
75%
πŸ‡ΉπŸ‡­ Drag Race Thailand πŸ‡ΉπŸ‡­-Season 2- 11thπŸ’ Miss Congeniality πŸ’ Maya B'Haro
75%
πŸ‡ΉπŸ‡­ Drag Race Thailand πŸ‡ΉπŸ‡­-Season 1- 10th Meannie Minaj
75%
πŸ‡ΉπŸ‡­ Drag Race Thailand πŸ‡ΉπŸ‡­-Season 2- 9th[Disqualified] Miss Gimhuay
75%
πŸ‡ΉπŸ‡­ Drag Race Thailand πŸ‡ΉπŸ‡­-Season 1- 8th Morrigan
75%
πŸ‡ΉπŸ‡­ Drag Race Thailand πŸ‡ΉπŸ‡­-Season 1- 7th Petchra
75%
πŸ‡ΉπŸ‡­ Drag Race Thailand πŸ‡ΉπŸ‡­-Season 3- 7th Siam Phusri
75%
πŸ‡ΉπŸ‡­ Drag Race Thailand πŸ‡ΉπŸ‡­-Season 2- 13th Silver Sonic
75%
πŸ‡ΉπŸ‡­ Drag Race Thailand πŸ‡ΉπŸ‡­-Season 3- 3rd/4th Spicy Sunshine
75%
πŸ‡ΉπŸ‡­ Drag Race Thailand πŸ‡ΉπŸ‡­-Season 2- 8th Genie
69%
πŸ‡ΉπŸ‡­ Drag Race Thailand πŸ‡ΉπŸ‡­-Season 2- 12th Katy Killer
69%
πŸ‡ΉπŸ‡­ Drag Race Thailand πŸ‡ΉπŸ‡­-Season 2- 10th Mocha Diva
69%
πŸ‡ΉπŸ‡­ Drag Race Thailand πŸ‡ΉπŸ‡­-Season 2- 14th M Stranger Fox
69%
πŸ‡ΉπŸ‡­ Drag Race Thailand πŸ‡ΉπŸ‡­-Season 2- 4th/5th Vanda Miss Joaquim
69%
πŸ‡ΉπŸ‡­ Drag Race Thailand πŸ‡ΉπŸ‡­-Season 3- 8thπŸ’ Miss Congeniality πŸ’ Benze Diva
63%
πŸ‡ΉπŸ‡­ Drag Race Thailand πŸ‡ΉπŸ‡­-Season 3- 5th Nane Sphera
63%
πŸ‡ΉπŸ‡­ Drag Race Thailand πŸ‡ΉπŸ‡­-Season 2- 6th Srimala
63%
πŸ‡ΉπŸ‡­ Drag Race Thailand πŸ‡ΉπŸ‡­-Season 3- 11th Srirasha Hotsauce
63%
πŸ‡ΉπŸ‡­ Drag Race Thailand πŸ‡ΉπŸ‡­-Season 2- 7th Tormai
63%
πŸ‡ΉπŸ‡­ Drag Race Thailand πŸ‡ΉπŸ‡­-Season 3- 10th Kara Might
56%
No matching quizzes found
Score Distribution
Percent of People with Each Score
Percentile by Number Answered
Your Score History
You have not taken this quiz since the last reset